The anatomy of palms : (Record no. 7218)

MARC details
000 -LEADER
fixed length control field 01295cam a22003377a 4500
001 - CONTROL NUMBER
control field 16550344
003 - CONTROL NUMBER IDENTIFIER
control field OSt
005 - DATE AND TIME OF LATEST TRANSACTION
control field 20210910110959.0
008 - FIXED-LENGTH DATA ELEMENTS--GENERAL INFORMATION
fixed length control field 101123s2011 enka b 001 0 eng
010 ## - LIBRARY OF CONGRESS CONTROL NUMBER
LC control number 2010941693
015 ## - NATIONAL BIBLIOGRAPHY NUMBER
National bibliography number GBB0A6927
Source bnb
016 7# - NATIONAL BIBLIOGRAPHIC AGENCY CONTROL NUMBER
Record control number 015643541
Source Uk
020 ## - INTERNATIONAL STANDARD BOOK NUMBER
International Standard Book Number 9780199558926 (hbk.)
020 ## - INTERNATIONAL STANDARD BOOK NUMBER
International Standard Book Number 0199558922 (hbk.)
035 ## - SYSTEM CONTROL NUMBER
System control number (OCoLC)ocn663438427
040 ## - CATALOGING SOURCE
Original cataloging agency UKM
Transcribing agency DDC
Modifying agency YDXCP
-- BOH
-- CDX
-- DLC
042 ## - AUTHENTICATION CODE
Authentication code lccopycat
050 00 - LIBRARY OF CONGRESS CALL NUMBER
Classification number QK495.P17
Item number T62 2011
082 04 - DEWEY DECIMAL CLASSIFICATION NUMBER
Classification number 571.32TOM2011
100 1# - MAIN ENTRY--PERSONAL NAME
Personal name Tomlinson, P. B.
Fuller form of name (Philip Barry),
Dates associated with a name 1932-
9 (RLIN) 14839
245 14 - TITLE STATEMENT
Title The anatomy of palms :
Remainder of title Arecaceae - Palmae
Statement of responsibility, etc. Edited by Tomlinson,Barry P.; Horn,James W. and Fisher,Jack B.
260 ## - PUBLICATION, DISTRIBUTION, ETC. (IMPRINT)
Place of publication, distribution, etc. Oxford :
Name of publisher, distributor, etc. Oxford University Press,
Date of publication, distribution, etc. 2011.
300 ## - PHYSICAL DESCRIPTION
Extent xxi,251p;
Other physical details ill. (some col.) ;
Dimensions 29 cm.
504 ## - BIBLIOGRAPHY, ETC. NOTE
Bibliography, etc Includes; bibliographical references (p. 241-246) and indexes.
650 #0 - SUBJECT ADDED ENTRY--TOPICAL TERM
Topical term or geographic name as entry element Biology
9 (RLIN) 5602
700 1# - ADDED ENTRY--PERSONAL NAME
Personal name Horn, James W.
9 (RLIN) 14840
700 1# - ADDED ENTRY--PERSONAL NAME
Personal name Fisher, Jack B.
9 (RLIN) 14841
906 ## - LOCAL DATA ELEMENT F, LDF (RLIN)
a 7
b cbc
c copycat
d 2
e ncip
f 20
g y-gencatlg
942 ## - ADDED ENTRY ELEMENTS (KOHA)
Source of classification or shelving scheme Dewey Decimal Classification
Koha item type Open Shelf
Holdings
Withdrawn status Lost status Source of classification or shelving scheme Damaged status Not for loan Home library Current library Date acquired Source of acquisition Inventory number Total Checkouts Full call number Barcode Date last seen Price effective from Koha item type
    Dewey Decimal Classification     MUST Main Library MUST Main Library 10/09/2021 donation 12/36160   571.32TOM2011 2021-1084 10/09/2021 10/09/2021 Open Shelf